[Event "ISR-ch"]
[Site "Tel Aviv"]
[Date "2002.11.30"]
[Round "6"]
[White "Gofshtein, Leonid D"]
[Black "Mikhalevski, Victor"]
[Result "1-0"]
[WhiteElo "2519"]
[BlackElo "2524"]
[Annotator "Gofshtein,L"]
[PlyCount "97"]
[EventDate "2002.11.24"]
[EventType "swiss"]
[EventRounds "9"]
[EventCountry "ISR"]
[SourceTitle "CBM 093"]
[Source "ChessBase"]
[SourceDate "2003.04.01"]
[SourceVersion "1"]
[SourceVersionDate "2003.04.01"]
[SourceQuality "1"]

1. e4 {[%mdl 4]} e5 2. Nf3 Nc6 3. Bb5 a6 4. Ba4 Nf6 5. O-O Nxe4 6. d4 b5 7. Bb3
d5 8. dxe5 Be6 9. Nbd2 Nc5 {Another variation are:} (9... Bc5 $5 10. Nxe4 dxe4
11. Bxe6 Qxd1 12. Rxd1 fxe6 13. Ng5 O-O 14. Nxe4 Bb6 15. Be3 Bxe3 16. fxe3 Rf5
$1 $10 {Wahls - Haba, BRD 1991}) (9... Be7 $5 10. Nxe4 dxe4 11. Bxe6 fxe6 12.
Ng5 Qd5 $6 (12... Bxg5 13. Qh5+ g6 14. Qxg5 O-O 15. Qg4 Qd5 16. Bf4 Rad8 $5
$132 {Subit - Am.Rodriguez, Cuba (ch) 1990.}) 13. Qh5+ g6 14. Qh6 $1 $40) 10.
c3 Be7 {More populiare 10...d4} (10... d4 $5) (10... d4 11. Bxe6 Nxe6 12. cxd4
Ncxd4 13. Ne4 Be7 14. Be3 Nf5 15. Qc2 O-O 16. Rad1 Nxe3 17. fxe3 Qc8 18. Nd4 (
18. Ng3 Rd8 19. Nd4 Nxd4 20. exd4 c6 21. Nf5 Bf8 $10 {Sax - Hellers, Haninge
1989.}) 18... Nxd4 19. exd4 Qe6 20. Ng3 c6 21. Nf5 Rfe8 $10 {Smirin -
Michalchichin, Klajpeda 1988.}) 11. Bc2 Bg4 (11... d4 $6 12. Ne4 $1 dxc3 13.
Nxc5 Bxc5 14. Be4 $16 {Capablanca - Chajes, New York 1916.}) 12. Re1 O-O {
Other way is:} (12... Qd7 13. Nf1 Rd8 14. Ne3 Bh5 15. b4 $1 Ne6 16. Nf5 d4 $6 (
16... O-O 17. a4 Rfe8 18. axb5 axb5 19. Qd3 Bg6 20. Qxb5 $1 Nxe5 21. Qxd7 Nxd7
22. Nxe7+ Rxe7 23. Bxg6 hxg6 24. Nd4 $1 $36 {Am. Rodriguez - Marin, Novi Sad 
(ol) 1990.}) 17. Be4 $1 Bg6 18. g4 h5 19. h3 Kf8 20. a4 $16 {Hjartarson -
Kortchnoi, Saint John (m/1) 1988.}) 13. Nb3 $5 {Umenno etot xod daet belum
shancu na polychenie pereveca.} (13. Nf1 $6 Re8 14. h3 (14. Ne3 Nxe5 15. Bxh7+
Kxh7 16. Qc2+ Kg8 17. Nxe5 Be6 18. Nc6 Qd6 19. Nxe7+ Rxe7 $10 {Wang Zili -
Jusupov, Novi Sad (ol) 1990.}) 14... Bh5 15. g4 Bg6 16. Bxg6 hxg6 17. Ne3 Qd7
18. Qxd5 Rad8 $44 {Wahls - Hübner, München 1991.}) 13... Ne6 (13... Ne4 14. Bf4
Re8 (14... f5 15. exf6 Nxf6 16. Qd3 $16 {Aljechin-Nimzowitsch, Petersburg 1914.
}) 15. Bxe4 dxe4 16. Rxe4 Qxd1+ 17. Rxd1 Bxf3 18. gxf3 Rad8 19. Ree1 g5 20. Bg3
$16 {1/2-1/2 Kuczynski,R-Marin,M/Budapest 1993/CBM 34/[Ernst] (51)}) (13... Re8
14. h3 Nxb3 {Sax,G- Huebner,R, EUCup 1991.} 15. axb3 (15. Qd3 g6 16. Bxb3 Be6
17. Rd1 Qd7 18. Bxd5 Rad8 19. Be4 Qxd3 20. Rxd3 Rxd3 21. Bxd3 Bd5 $44 {1/2-1/2
Sax,G-Huebner,R/Budapest 1991/CBM 26/[Ernst] (38)}) 15... Bh5 16. b4 Qd7 17.
Bb3 $14 {Kortschnoj.}) (13... Qd7 14. Nxc5 Bxc5 15. h3 $1 (15. Qd3 g6 16. Bg5
Be7 17. Bxe7 Nxe7 18. Qe3 $14 {Erlandsson,CEM- Mooren,L, 1988 CCYB 02.}) 15...
Be6 16. Nd4 Nxd4 $6 17. cxd4 Be7 18. Be3 $16 {Ivanchuk,V- Haba,P, Debrecen
1988.}) (13... Nxb3 14. Bxb3 Be6 15. Qd3 Qd7 16. Ng5 g6 17. Qg3 $36 {1-0
Luther,T-Baumegger,S/Moerbisch AUT 2001/The Week in Chess 366 (31)}) 14. a4 {
[%mdl 8] Pri podgotovke k partii I nametil poitu na ety poziziu.Mne kazaloc,
chto vcledctvie davlenia v chentre po linii d i eventyalnoi clabosti k.flanga
y chernix pozizija belux javno luche.} (14. Qd3 $5 g6 15. Nfd4 $6 (15. Bh6 Re8
16. Rad1 Bf5 17. Qd2 {Geller,E- Unzicker,W, Bad Wörishofen 1991, 53/(332).} (
17. Qd2 Bxc2 18. Qxc2 Qd7 19. h4 Red8 20. h5 Bf8 21. Qd2 Ng7 22. hxg6 hxg6 23.
Bg5 $36 {1-0 Emms,J-Rutherford,L/Hastings 1995/CBM 48 ext (27)})) 15... Ncxd4
16. Nxd4 Qd7 $5 (16... Nxd4 17. cxd4 Bf5 (17... c5 $6 18. Qg3 Qd7 19. dxc5 Bxc5
20. Bg5 $36 {1-0 Chandler,M-Wedberg,T/Haninge 1988/CBM 08 (36)}) 18. Qd1 Qd7
$11) 17. Bh6 Rfd8 18. Qg3 Nxd4 19. cxd4 Rac8 20. a4 Bf5 {1/2-1/2 Ramesh,
R-Mikhalevski,V/Biel 2001/CBM 83 ext (20)}) (14. h3 Bh5 15. Bf5 Bg6 16. Qd3 Qd7
$10 {Oll,L- Garcia,G, Ibercaja op 1992.}) 14... Rb8 15. axb5 axb5 16. Qd3 g6
17. Bh6 Re8 18. Rad1 Bf5 19. Qe2 Bxc2 20. Qxc2 Qd7 21. h3 $5 $146 {Takze
zaslyzivaet vnimania 21.h4 kak bulo cugrano v poxozeiu pozizii v
vushepruvedennoi partiu Emmsa} (21. h4 $5) 21... Ncd8 22. Qd2 c6 23. Nh2 f5 24.
exf6 Bxf6 25. Ng4 Bh8 26. Re2 $5 {Belie naxodjat verniu plan planomernogo
ycilenia po linii e} Nf7 27. Rde1 Nd6 28. Bf4 $36 Nxf4 (28... Nc4 29. Nc5 $1
Nxc5 30. Bxb8 $18) (28... Bg7 29. Be5 Nc4 30. Bxg7 Qxg7 31. Qc1 $16 {[%cal
Yg4f6,Yg4h6,Re2e6]}) 29. Qxf4 Rxe2 (29... Ne4 30. f3 Qa7+ 31. Kh1 Rf8 32. Qh2
$16) 30. Rxe2 Rf8 (30... Re8 31. Nc5 Qc8 32. Rxe8+ Nxe8 33. Nh6+ Kg7 34. g4 $18
) 31. Nh6+ Kg7 32. Qd4+ $1 Kxh6 33. Qh4+ Kg7 34. Re7+ $18 {Posle vuigrisha
ferzja,dalneishee delo nexitroi texniki.} Rf7 35. Rxd7 Rxd7 36. Qd4+ Kg8 37.
Qb6 Nc4 38. Qxc6 Rd8 39. Qe6+ Kf8 40. Nc5 Ne5 41. Qb6 Re8 42. Qd6+ Kg8 43.
Qxd5+ Nf7 44. Ne6 h6 45. f4 Rb8 46. Qe4 Kh7 47. h4 Nd6 48. Qc6 Ne8 49. h5 1-0

[Event "Biel GM 51st"]
[Site "Biel"]
[Date "2018.07.30"]
[Round "8"]
[White "Vachier Lagrave, Maxime"]
[Black "Mamedyarov, Shakhriyar"]
[Result "1/2-1/2"]
[WhiteElo "2779"]
[BlackElo "2801"]
[Annotator "Golubev,M"]
[PlyCount "84"]
[EventDate "2018.07.22"]
[EventType "tourn"]
[EventRounds "10"]
[EventCountry "SUI"]
[EventCategory "20"]
[SourceTitle "CBM 186"]
[Source "ChessBase"]
[SourceDate "2018.09.14"]
[SourceVersion "1"]
[SourceVersionDate "2018.09.14"]
[SourceQuality "1"]

1. e4 e5 2. Nf3 Nc6 3. Bb5 a6 4. Ba4 Nf6 5. O-O ({In Carlsen-Mamedyarov (Round
5) White preferred} 5. d3) 5... Nxe4 {The Open Variation (or Open Defence) is
used by a number of the world's best players.} 6. d4 b5 7. Bb3 d5 $1 8. dxe5
Be6 9. c3 ({Another popular move} 9. Nbd2 {had been played in
Navara-Mamedyarov, Round 2.}) 9... Bc5 ({It's normal at the top level to
change lines all the time. The main alternative} 9... Be7 {was used by
Mamedyarov against Carlsen in Stavanger earlier this year.}) 10. Nbd2 O-O 11.
Bc2 {This important theoretical position, known since the end of the 19th
century, seemingly, occurs in the serious practice of both opponents for the
first time.} Nxf2 $5 ({Two other well-known moves are} 11... f5) ({and} 11...
Bf5) 12. Rxf2 f6 13. Nf1 ({White deviates from the main, more principled line} 
13. exf6 Bxf2+ ({but} 13... Qxf6 $6 {is weaker:} 14. Qf1 $1 {Smyslov-Botvinnik,
Moscow 1943}) 14. Kxf2 Qxf6 15. Nf1 ({or} 15. Kg1 Rae8) 15... Ne5 16. Be3 Rae8)
13... Bxf2+ 14. Kxf2 fxe5 15. Kg1 {White has B + N for Black's R + 2P; he is
just a bit more active but Black is solid and, on the whole, chances are more
or less equal.} Qd6 $5 {One of the good options.} 16. Ng3 $2 ({After} 16. Ng5
Bf5 $1 17. Bxf5 (17. Bb3 $6 Ne7 18. Ne3 Rad8 $1 {was better for Black in
Darga-Larsen, World U20-ch Copenhagen 1953}) 17... Rxf5 18. Qd3 e4 19. Qh3 Qg6
20. Ng3 Rf6 21. Nh5 {, normally, it's only Black, who, if he so wishes, can
avoid the repetition and try to play for a win.}) ({White can be advised to
play} 16. Be3 $11) ({Or maybe} 16. a4 {(S.Zamora-K.Pecotic, IECG 2004)}) 16...
h6 $2 ({Quite unpleasant for White would have been} 16... Bg4 $1 {with the
idea of} 17. Bxh7+ Kh8 $1 ({naturally, not} 17... Kxh7 $2 18. Ng5+) 18. Bc2 $2
Qc5+ 19. Kh1 Qf2 $1) 17. Qe1 ({White could have played} 17. Be3 $5 {and if} Bg4
18. h3 Bxf3 19. gxf3 e4 $140 $5 20. f4 {but if Vachier-Lagrave decided that
this line looks too risky, it's easy to understand.}) 17... Bg4 $6 ({Engines
suggest} 17... e4 $1 18. Nd4 Nxd4 19. cxd4 c5 $1 20. Be3 c4 $1 {claiming that
Black is better. Still, maybe it's not too dramatic for White after, say,} 21.
Qa5) 18. Nh4 $1 $132 e4 $5 19. h3 $1 Bd7 20. Be3 $1 Qf6 ({The attempt to win a
knight by} 20... g5 $2 {fails to} 21. Nxe4 $1 dxe4 22. Rd1 $16 Qf6 23. Rxd7 {
, etc.}) ({A playable, even if uninspiring, alternative was} 20... Ne7 $5 21.
Rd1 Qc6 {and if} 22. Bb3 Kh7 23. Bc2 Kg8 {repeating.}) 21. Nh5 $1 Qe5 ({After} 
21... Qf7 $5 22. Nf4 {Black has to defend passively by} Ne7 $1 ({if} 22... g5
$2 23. Nxd5 $1 $16)) 22. Nf4 ({A more critical iine was} 22. g4 $1 Rf7 23. Rd1
(23. Bb3 $5) 23... Ne7 {with interesting play. Which is, possibly, more
interesting for White.}) 22... Rxf4 $3 {A pretty combination saves Black.} 23.
Ng6 Rf1+ $1 24. Kxf1 ({If} 24. Qxf1 $2 Qg3 $1 {regaining the piece.}) 24...
Qf5+ 25. Nf4 g5 26. Qg3 $1 Kh7 {And Black will emerge with an extra pawn. But
White's activity will provide enough resources for the first player.} 27. Ke2
$5 gxf4 28. Qxf4 $1 Qxf4 29. Bxf4 Rg8 30. Kf2 ({Or} 30. g4 $5 h5 31. Rh1 $1)
30... Rf8 31. Ke3 $1 Ne7 32. Bxc7 $1 Nf5+ 33. Ke2 b4 34. Bf4 $5 bxc3 35. bxc3
Nh4 36. g3 $1 Ng2 37. c4 $1 Nxf4+ 38. gxf4 Rc8 39. Rd1 Rxc4 40. Bb3 Ba4 41.
Rxd5 Bxb3 42. axb3 Rc3 1/2-1/2

[Event "Ubeda"]
[Site "Ubeda"]
[Date "1997.02.14"]
[Round "5"]
[White "Almasi, Zoltan"]
[Black "Jussupow, Artur"]
[Result "1-0"]
[WhiteElo "2595"]
[BlackElo "2665"]
[Annotator "Hansen,Cu"]
[PlyCount "93"]
[EventDate "1997.02.07"]
[EventType "tourn"]
[EventRounds "11"]
[EventCountry "ESP"]
[EventCategory "16"]
[SourceTitle "CBM 058"]
[Source "ChessBase"]
[SourceDate "1997.06.01"]
[SourceVersion "1"]
[SourceVersionDate "1997.06.01"]
[SourceQuality "1"]

1. e4 {Mikhalevski,V} e5 2. Nf3 Nc6 3. Bb5 a6 4. Ba4 Nf6 5. O-O Nxe4 6. d4 b5
7. Bb3 d5 8. dxe5 Be6 9. Nbd2 Nc5 10. c3 Bg4 11. Bc2 Ne6 $6 {A seldom played
move} (11... Be7 12. Re1 Qd7 {has been played a lot - however at the moment
whites chances seems to be preferred.} (12... O-O)) 12. Re1 (12. h3 {
Mikhalevski,V} Bh5 13. Re1 Bc5 14. Nb3 Ba7 15. Be3 Bxe3 (15... Nxe5 $6 16. g4
Nxf3+ 17. Qxf3 Bg6 18. Bxg6 hxg6 19. Bxa7 Rxa7 20. Nc5) 16. Rxe3 Ne7 17. g4 $6
Bg6 18. Nfd4 Bxc2 19. Qxc2 Ng6 $132 20. Rf1 O-O 21. Ne2 c5 22. f4 d4 23. Rg3
Qh4 24. Kg2 d3 25. Qxd3 c4 26. Qe3 cxb3 27. axb3 f5 28. gxf5 Rxf5 29. Qe4 Raf8
30. Qd5 Qf6 31. Nd4 Rxe5 {0-1 Kourtesis,G-Flear,G/Athens Akropolis op 1989})
12... Bc5 13. Nf1 (13. Nb3 {Mikhalevski,V} Ba7 14. Be3 Bxe3 (14... Ne7 15. Bxa7
Rxa7 16. a4 Rb7 17. axb5 axb5 18. Nbd4 $14 Rb6 19. b4 Nxd4 20. cxd4 Nc6 21. e6
fxe6 22. h3 Bxf3 23. Rxe6+ Ne7 24. Rxe7+ Kxe7 25. Qxf3 g6 26. Bb3 Rf8 27. Qe3+
(27. Re1+ Re6 28. Rxe6+ Kxe6 29. Qe4+ Kd7 30. Qxd5+ Kc8 $11) 27... Re6 28. Qg5+
Rff6 29. Bxd5 h6 30. Qg3 Qxd5 31. Qxc7+ Kf8 32. Qh7 Ra6 33. Rc1 Rfc6 34. Re1
Rc8 35. Qxh6+ Kg8 36. f4 Qxd4+ 37. Kh2 Rf8 38. f5 Qd6+ 39. Kh1 Rxf5 {0-1
Angelov,G-Haba,P/Tuzla 1990}) 15. Rxe3 Ne7 16. h3 Bf5 (16... Bh5) 17. Nfd4 Bxc2
18. Qxc2 O-O 19. Rf1 Rc8 20. Nxe6 fxe6 21. Nc5 Nf5 22. Rd3 Qe7 23. b4 a5 24.
Qe2 $14 g5 (24... Rf7) 25. f4 Ng7 26. Rdf3 axb4 27. cxb4 gxf4 28. Rxf4 Rxf4 29.
Rxf4 Rf8 $2 (29... c6) 30. Rxf8+ Qxf8 31. Qxb5 Qf4 32. Qb8+ {1-0 Wahls,
M-Rhodin,C/Hamburg-ch 1987}) (13. a4 {Mikhalevski,V} Ne7 14. Nb3 Bb6 15. axb5
axb5 16. Rxa8 Qxa8 17. Qd3 $14 c6 18. Nfd4 Qc8 19. Qg3 Nxd4 20. Nxd4 Bxd4 21.
cxd4 Ng6 $2 (21... Bf5 $1) 22. e6 $6 (22. Qa3 $16) 22... Bxe6 23. h4 Kd7 $2 (
23... O-O) 24. h5 Ne7 25. Qxg7 Rg8 26. Qf6 Qe8 27. Bg5 h6 28. Bxh6 Rg4 29. Bf4
Qg8 30. g3 Qa8 31. Qe5 Qa5 32. h6 {1:44-1:24 1-0 Rodriguez,A-Sorin,A/
Capablanca mem-B 1993}) 13... Bh5 14. Ng3 Bg6 15. h4 $5 (15. Bb3 Ne7 16. h4 h6
17. h5 Bh7 18. Nd4 Bxd4 19. cxd4 O-O 20. Qg4 Kh8 21. Be3 $14 {Kovalev,
A-Kaidanov,G/URS-OT56 Blagoveshchensk 1988 (43)} (21. Be3 {Mikhalevski,V} Qd7
22. Rac1 $14 Rad8 23. Bc2 f5 24. exf6 Rxf6 25. Bxh7 Kxh7 26. Rc2 Nc6 $6 27. Nf5
(27. Ne4) 27... Nb4 (27... Nexd4 28. Bxd4 Nxd4 29. Re7 Qxe7 30. Nxe7 Nxc2 31.
Qe2 Nb4 32. a3 Na2 33. Qc2+ Kh8 34. b4 $18) 28. Rce2 Ng5 (28... Nxd4 $2 29.
Bxd4 Qxf5 30. Qh4 $1 $16) 29. Bxg5 hxg5 30. Re5 Nd3 31. Qxg5 Nxe5 32. Rxe5 Qf7
33. g4 Rd7 34. Qe3 Rc6 35. Ne7 Rcd6 36. Nf5 Rc6 37. b4 Rb6 38. Kg2 Rc6 39. Ne7
Rcd6 40. Nf5 Rc6 41. a3 Rb6 42. Nh4 Rf6 43. g5 Qxh5 44. Qg3 {1-0 Kovalev,
A-Kaidanov,G/URS-OT56 Blagoveshchensk 1988}) (21. a4 $6 {/\Bd2} c5 $5)) 15...
O-O $4 (15... d4 $1 $132) (15... Bxc2 {Mikhalevski,V} 16. Qxc2 O-O $11 (16...
d4 $6 17. cxd4 Ncxd4 18. Nxd4 Bxd4 (18... Qxd4 19. Be3 Qc4 (19... Qb4 20. Rac1
$18) 20. Qxc4 bxc4 21. Bxc5 Nxc5 22. Rec1 $16) 19. Qc6+ Kf8 $16)) 16. Bb3 $1
$16 {[%cal Rb3d5,Rh4h5]} (16. h5 Bxc2 17. Qxc2 f6 $1) 16... h6 (16... Qe7 17.
h5 (17. Qxd5 Na5 $44) 17... Be4 18. Nxe4 dxe4 19. Rxe4 Rad8 20. Qe2 $16) (16...
Ne7 {Mikhalevski,V} 17. h5 Be4 18. Ng5 $1 Nxg5 19. Bxg5 $16) 17. h5 Bh7 18.
Bxd5 (18. Qxd5 Qe8 $132 {[%cal Ra8d8]}) 18... Qe8 19. Be4 {[%csl Rf5][%cal
Yg3f5]} Bxe4 20. Nxe4 Rd8 21. Qc2 Be7 22. Ng3 {White has a +P and more space
on the kingside. The win should be a matter of technique.} Qd7 23. Nf5 Qd3 24.
Qxd3 Rxd3 25. Be3 Re8 26. Rad1 Rdd8 27. N3d4 $1 {[%cal Yf2f4,Yg2g4]} Nxe5 (
27... Nexd4 {Mikhalevski,V} 28. cxd4 Bb4 (28... Nb4 $16) 29. Rf1 Ne7 30. Nxe7+
Rxe7 31. f4 $16) 28. f4 Nxd4 (28... Ng4 29. Nxe7+ Rxe7 30. Nc6 $18) 29. Bxd4
Nc6 30. Nxg7 Rxd4 31. Nxe8 Rxf4 {[%cal Re7c5,Rc5f2]} 32. Rd5 Bh4 33. Rf1 Rc4
34. Rdf5 Nd8 35. R5f4 $18 Rxf4 36. Rxf4 Bg5 37. Rf5 Ne6 38. Nf6+ Kg7 39. Ne4
Bc1 40. b3 Be3+ 41. Kf1 Kf8 42. Ke2 Bb6 43. g4 b4 44. Kd3 bxc3 45. Kxc3 Ke7 46.
Kc4 c6 47. g5 1-0

[Event "Prerov Friendship GM"]
[Site "Prerov"]
[Date "2001.12.06"]
[Round "3"]
[White "Gross, David"]
[Black "Simacek, Pavel"]
[Result "1/2-1/2"]
[WhiteElo "2469"]
[BlackElo "2402"]
[Annotator "Hecht,H"]
[PlyCount "91"]
[EventDate "2001.12.04"]
[EventType "tourn"]
[EventRounds "11"]
[EventCountry "CZE"]
[EventCategory "9"]
[SourceTitle "CBM 087"]
[Source "ChessBase"]
[SourceDate "2002.03.21"]
[SourceVersion "1"]
[SourceVersionDate "2002.03.21"]
[SourceQuality "1"]

1. e4 e5 2. Nf3 Nc6 3. Bb5 a6 4. Ba4 Nf6 5. O-O Nxe4 6. d4 b5 7. Bb3 d5 8. dxe5
Be6 9. c3 Bc5 10. Nbd2 O-O 11. Bc2 Nxf2 12. Rxf2 f6 13. exf6 Bxf2+ 14. Kxf2
Qxf6 15. Nf1 Ne5 16. Be3 Rae8 17. Bc5 Nxf3 18. gxf3 Rf7 19. Ng3 Bg4 20. Kg1
Qxf3 21. Qxf3 Rxf3 22. Rf1 Rxf1+ 23. Kxf1 g6 24. Kf2 Kf7 25. Bd4 Re6 26. Bd3
Ke7 27. Nf1 Kd6 28. Ne3 Bh3 29. b4 Re8 30. Kg3 Be6 31. h4 Rg8 32. Ng4 Bxg4 33.
Kxg4 {[#] Das Läuferpaar blockt und kompensiert in Verbindung mit dem aktiven
König die schwarzen Mehrbauern.} Ke6 34. Kg5 Rf8 35. Be2 Rf5+ 36. Kh6 Rf4 37.
Kxh7 Rxh4+ 38. Kxg6 Rh2 39. Bg4+ Kd6 40. Kf6 Rxa2 41. Be5+ Kc6 42. Bf3 Rd2 {
Vermutlich sind die letzten zwei weißen Züge vertauscht worden und es geschah
in Wirklichkeit erst 41.Lf3 Td2 42.Le5+Kc6. Anderenfalls war Lf3 ein schwerer
Fehler und das Auslassen von Tf2 ebenso!!} ({denn} 42... Rf2 $19) 43. Ke6 Rd3
44. Bg2 Rd2 45. Bf3 Rd3 46. Bg2 1/2-1/2

[Event "EU-chT (Men) 11th"]
[Site "Pula"]
[Date "1997.05.??"]
[Round "2.2"]
[White "Svidler, Peter"]
[Black "Sokolov, Ivan"]
[Result "1-0"]
[WhiteElo "2640"]
[BlackElo "2615"]
[Annotator "Hecht,H"]
[PlyCount "145"]
[EventDate "1997.05.05"]
[EventType "team-swiss"]
[EventRounds "9"]
[EventCountry "CRO"]
[SourceTitle "CBM 057 Extra"]
[Source "ChessBase"]
[SourceDate "1997.05.01"]
[SourceVersion "1"]
[SourceVersionDate "1997.05.01"]
[SourceQuality "1"]
[WhiteTeam "Russia"]
[BlackTeam "Bosnia&Herzegovina"]
[WhiteTeamCountry "RUS"]
[BlackTeamCountry "BIH"]

1. e4 e5 2. Nf3 Nc6 3. Bb5 a6 4. Ba4 Nf6 5. O-O Nxe4 6. d4 b5 7. Bb3 d5 8. dxe5
Be6 9. Nbd2 Nc5 10. c3 Bg4 11. Bc2 Be7 12. Re1 O-O 13. Nf1 Bh5 14. Ng3 Bg6 15.
Be3 Qd7 16. Bxg6 hxg6 17. Qc2 Ne6 18. b4 a5 19. a3 Rfb8 20. Rad1 axb4 21. axb4
Ncd8 22. h4 Qc6 23. Qb3 Qc4 24. Qxc4 dxc4 25. Ne4 Kf8 26. g3 Ra3 27. Kg2 Ke8
28. Rh1 Nf8 29. Nd4 Nd7 30. h5 Nxe5 31. Bf4 Nd3 32. hxg6 Nxf4+ 33. gxf4 fxg6
34. Rh8+ Kf7 35. Nf3 Nc6 36. Nfg5+ Bxg5 37. Nxg5+ Ke7 38. Rh3 Rd8 39. Re3+ Kf6
40. Re6+ Kf5 41. Rxd8 Nxd8 42. Re8 Kxf4 43. Nh3+ Kf5 44. Rxd8 {Wegen der
geringen Bauernzahl problematische Endspiel T+S vs T. Weiß gelingt der
Übergang in ein allerdings nicht ganz einfaches Turmendspiel, für das Sie die
ENDSPIEL-CD bemühen sollten.} Rxc3 45. Rd5+ Ke4 46. Rxb5 Rb3 47. Rc5 Rxb4 48.
Rxc7 Ra4 49. Ng5+ Kd3 50. Ne6 Kc2 51. Nc5 Ra3 52. Ne4 c3 53. Kf3 Kd3 54. Rd7+
Kc2 55. Ke2 Kc1 56. Nc5 Ra2+ 57. Ke3 Ra8 58. Nd3+ Kc2 59. Ne1+ Kc1 60. Kd3 Rc8
61. Rxg7 Kd1 62. Nc2 Rd8+ 63. Kxc3 Rc8+ 64. Kd3 Rxc2 65. Rxg6 Rd2+ 66. Ke3 Re2+
67. Kf3 Re8 (67... Ke1 68. Rg1+ {Gewinn in 33 Zügen laut ENDSPIEL-CD} Kd2 69.
Ra1 Re8 70. Ra3 Rg8 71. Re3 Rf8+ 72. Kg2 Rg8+ 73. Kf1 Rh8 74. Ra3 Rh1+ 75. Kg2
Rh8 76. f4 Ke2 77. Ra5 {ausgedacht von der ENDSPIEL-CD. Arbeiten Sie doch auch
damit!}) 68. Kg4 Ke2 69. f4 Kf2 70. f5 Re4+ 71. Kg5 Kf3 72. f6 Re5+ 73. Kh6 1-0

[Event "San Martin"]
[Site "San Martin"]
[Date "1995.??.??"]
[Round "8"]
[White "Sorokin, Maxim"]
[Black "Sorin, Ariel"]
[Result "1-0"]
[WhiteElo "2535"]
[BlackElo "2505"]
[Annotator "Hecht,H"]
[PlyCount "87"]
[EventDate "1995.03.??"]
[EventType "tourn"]
[EventRounds "13"]
[EventCountry "ARG"]
[EventCategory "10"]
[SourceTitle "CBM 048"]
[Source "ChessBase"]
[SourceDate "1995.10.01"]
[SourceVersion "1"]
[SourceVersionDate "1995.10.01"]
[SourceQuality "1"]

1. e4 e5 2. Nf3 Nc6 3. Bb5 a6 4. Ba4 Nf6 5. O-O Nxe4 6. d4 b5 7. Bb3 d5 8. dxe5
Be6 9. Nbd2 Nc5 10. c3 Bg4 11. Bc2 Qd7 12. Nb3 Rd8 13. Bg5 Nxb3 14. axb3 Be7
15. Bxe7 Qxe7 16. Re1 Nb8 17. b4 Bh5 18. Qd3 Bg6 19. Qd2 Bxc2 20. Qxc2 O-O 21.
Nd4 Rfe8 22. Re3 c5 23. bxc5 Qxc5 24. e6 g6 25. Rae1 Qc8 26. exf7+ Kxf7 27. Ne6
Rxe6 28. Rxe6 Qxe6 29. Rxe6 Kxe6 {Q-R+N gelockerte schwarze P- und
Figurenstellung, viele Angriffsziele für die Q, Gewinn durch Doppelangriff} 30.
Qd3 Kd6 (30... Rd7 31. Qe3+ Kd6 (31... Kf7 32. Qb6 $18) 32. Qg3+ $18) (30...
Kf7 31. Qf3+ Kg7 32. Qf4 Re8 33. h4 $18) 31. Qh3 Re8 32. Kf1 Re7 33. Qc8 Nc6
34. Qxa6 $18 b4 35. cxb4 Ra7 36. Qb6 Ra1+ 37. Ke2 Kd7 38. b5 Ne7 39. Qc5 Ra2
40. Qc3 Nf5 41. b6 Nd6 42. b7 Nxb7 43. Qb3 Ra7 44. Qb6 1-0